Analytical quadrics /
Guardado en:
| Autor Principal: | |
|---|---|
| Formato: | Libro |
| Idioma: | English |
| Publicado: |
New York :
Pergamon Press,
1960.
|
| Series: | International series of monographs on pure and applied mathematics ;
v. 14 |
| Etiquetas: |
Agregar Etiqueta
Sin Etiquetas, Sea el primero en etiquetar este registro!
|
| LEADER | 00515nam a22001575a 4500 | ||
|---|---|---|---|
| 001 | MAT.inmabb001375 | ||
| 008 | 031124s1960####nyu###########000#0#eng#d | ||
| 005 | 20130408180720.0 | ||
| 245 | 1 | 0 | |a Analytical quadrics / |c by Barry Spain. |
| 260 | |a New York : |b Pergamon Press, |c 1960. | ||
| 300 | |a ix, 135 p. ; |c 22 cm. | ||
| 440 | 0 | |a International series of monographs on pure and applied mathematics ; |v v. 14 | |
| 510 | 4 | |a MR, |c 25 #1478 | |
| 100 | 1 | |a Spain, Barry. | |
| 084 | |a 51Nxx |2 msc2000 | ||
| 859 | |h 51 |i Sp733q |p A-1625 |b BIB. MATEMATICA | ||
